000 00491nam a2200169Ia 4500
008 230125s9999 xx 000 0 und d
041 _aeng
082 _a823
_bGHA/TOY
100 _aGhanananda S, Ed.
_9114943
245 _aShriramakrishna and his unique message
260 _c1987
_bAdvaita ashrama pub
_aCalcutta
300 _a172p
500 _aLiterature;English Literature
650 _aEnglish Literature
700 _aGhanananda S, Ed. & Toynbee A J
_9114944
999 _c92618
_d92618